Statistics for Miami Dolphins Ultimate Quiz

Click here to take the quiz!

General Stats

  • This quiz has been taken 288 times
    (274 since last reset)
  • The average score is 9 of 15

Answer Stats

Hint Answer % Correct
What year did the Dolphins go undefeated?1972
98%
What quarterback did the Dolphins get as a draft pick in 2012?Ryan Tannehill
88%
Number 13 is retired from the Dolphins. Who wore that number?Dan Marino
88%
What position does Charles Clay play?Tight End
75%
Who was the Miami Dolphins head coach from 1970-1995?Don Shula
73%
What reciever did Miami get from the Steelers in 2013?Mike Wallace
66%
Who is the current head coach?Joe Philbin
58%
Who was the quarterback for the 2008 Dolphins playoff team?Chad Pennington
57%
What is the name of their stadium?Sun Life Stadium
50%
Who did the Dolphins play in their first ever Super Bowl?Dallas Cowboys
48%
In Marino's last game, who did the Dolphins play in their 62-7 loss in the playoffs?Jacksonville Jaguars
44%
Who currently wears #82?Brian Hartline
42%
Dolphins fight song: We're in the air, we're on the ground, we're always in control! And when you say Miami, you're talking ____________!Super Bowl
40%
Who is Miami's main punter?Brandon Fields
34%
Who is the current General Manager for the Dolphins?Jeff Ireland
26%

Score Distribution

Percentile by Number Answered

Percent of People with Each Score

Your Score History

You have not taken this quiz since the last reset